Histoire du ciel : ou l'on recherche l'origine de l'idolatrie, et les méprises de la philosophie, sur la formation des corps célestes, & de toute la nature.

Bibliographic Details
Main Author: Pluche, Noël Antoine, 1688-1761
Format: Book
Language:French
Published: Paris : Estienne, 1757.
Edition:Nouv. éd.
Subjects:

MARC

Tag First Indicator Second Indicator Subfields
LEADER 00000cam a2200000I 4500
001 in00002602221
005 20151201154714.0
008 761029s1757 fr a b 000 0 fre d
029 1 |a AU@  |b 000011788892 
035 |a (OCoLC)ocm02540680 
035 |a (OCoLC)2540680 
040 |a DGU  |c DGU  |d OCL  |d OCLCG  |d TXA  |d UtOrBLW 
049 |a TXAM 
050 4 |a BL305  |b .P6 1757 
100 1 |a Pluche, Noël Antoine,  |d 1688-1761. 
245 1 0 |a Histoire du ciel :  |b ou l'on recherche l'origine de l'idolatrie, et les méprises de la philosophie, sur la formation des corps célestes, & de toute la nature. 
250 |a Nouv. éd. 
264 1 |a Paris :  |b Estienne,  |c 1757. 
300 |a 2 volumes :  |b illustrations ;  |c 18 cm. 
336 |a text  |b txt  |2 rdacontent 
337 |a unmediated  |b n  |2 rdamedia 
338 |a volume  |b nc  |2 rdacarrier 
504 |a Includes bibliographical references. 
505 0 |a t. 1. Le ciel poëtique.--t. 2. La cosmognie. La physique de Moïse. Les conséquences. 
650 0 |a Mythology. 
650 0 |a Cosmology. 
650 0 |a Creation. 
650 0 |a Religion and science  |v Early works to 1800. 
948 |a cataloged  |b h  |c 2010/8/30  |d c  |e hgolay  |f 2:19:32 pm 
994 |a C0  |b TXA 
999 |a MARS 
999 f f |s aa7566c7-bb48-3001-bf3e-6bdb9e1c171e  |i bbf703d9-02bf-31d5-bf62-820876d948fb  |t 0 
952 f f |p noncirc  |a Texas A&M University  |b College Station  |c Cushing Memorial Library & Archives  |d Cushing: Dawson French (Does not check out)  |t 0  |e BL305 .P6 1757  |h Library of Congress classification  |i unmediated -- volume  |k t.2  |m A14851957606 
952 f f |p noncirc  |a Texas A&M University  |b College Station  |c Cushing Memorial Library & Archives  |d Cushing: Dawson French (Does not check out)  |t 0  |e BL305 .P6 1757  |h Library of Congress classification  |i unmediated -- volume  |k t.1  |m A14851957614 
998 f f |a BL305 .P6 1757  |s t.1-t.2  |t 0  |l Cushing: Dawson French (Does not check out)